MARC details
| 000 -LEADER |
| fixed length control field |
01423nam a2200361 a 4500 |
| 001 - CONTROL NUMBER |
| control field |
3269233 |
| 003 - CONTROL NUMBER IDENTIFIER |
| control field |
OSt |
| 005 - DATE AND TIME OF LATEST TRANSACTION |
| control field |
20260430111440.0 |
| 008 - FIXED-LENGTH DATA ELEMENTS--GENERAL INFORMATION |
| fixed length control field |
810902s1979 nyu b 000 0 eng |
| 010 ## - LIBRARY OF CONGRESS CONTROL NUMBER |
| LC control number |
81178056 |
| 035 ## - SYSTEM CONTROL NUMBER |
| System control number |
3269233 |
| 040 ## - CATALOGING SOURCE |
| Original cataloging agency |
DLC |
| Transcribing agency |
IRDP |
| Modifying agency |
DLC |
| 043 ## - GEOGRAPHIC AREA CODE |
| Geographic area code |
d------ |
| 050 00 - LIBRARY OF CONGRESS CALL NUMBER |
| Classification number |
HQ1870.9 |
| Item number |
.S7 1979 |
| 082 00 - DEWEY DECIMAL CLASSIFICATION NUMBER |
| Classification number |
305 STA |
| Edition number |
19 |
| 100 1# - MAIN ENTRY--PERSONAL NAME |
| Personal name |
STAUDT ,KATHLEEN A. |
| 245 10 - TITLE STATEMENT |
| Title |
WOMEN AND PARTICIPATION IN RURAL DEVELOPMENT |
| Remainder of title |
A FRAMEWORK FOR PROJECT DESIGN AND PLICY-ORIENTED REEARCH |
| Statement of responsibility, etc. |
KATHLEEN A. STAUDT |
| 260 ## - PUBLICATION, DISTRIBUTION, ETC. (IMPRINT) |
| Place of publication, distribution, etc. |
ITHACA NEW YORK. : |
| Name of publisher, distributor, etc. |
RURAL DEVELOPMENT COMMITEE CENTER INTERNATIONAL STUDIES CORNELL UNIVERSITY |
| Date of publication, distribution, etc. |
1979. |
| 300 ## - PHYSICAL DESCRIPTION |
| Extent |
ii, 78 p. ; |
| Dimensions |
28 cm. |
| 336 ## - CONTENT TYPE |
| Content type term |
text |
| Content type code |
txt |
| Source |
rdacontent |
| 337 ## - MEDIA TYPE |
| Media type term |
unmediated |
| Media type code |
n |
| Source |
rdamedia |
| 338 ## - CARRIER TYPE |
| Carrier type term |
volume |
| Carrier type code |
nc |
| Source |
rdacarrier |
| 440 #0 - SERIES STATEMENT/ADDED ENTRY--TITLE |
| Title |
Rural development monograph ; |
| Volume/sequential designation |
no. 4 |
| 490 1# - SERIES STATEMENT |
| Series statement |
Occasional papers / Rural Development Committee, Cornell University ; |
| Volume/sequential designation |
no. 8 |
| 504 ## - BIBLIOGRAPHY, ETC. NOTE |
| Bibliography, etc |
Includes bibliographical references. |
| 650 #0 - SUBJECT ADDED ENTRY--TOPICAL TERM |
| Topical term or geographic name as entry element |
Women in rural development. |
| 650 #0 - SUBJECT ADDED ENTRY--TOPICAL TERM |
| Topical term or geographic name as entry element |
Rural women |
| Geographic subdivision |
Developing countries |
| General subdivision |
Economic conditions. |
| 650 #0 - SUBJECT ADDED ENTRY--TOPICAL TERM |
| Topical term or geographic name as entry element |
Sex discrimination against women |
| Geographic subdivision |
Developing countries. |
| 830 #0 - SERIES ADDED ENTRY--UNIFORM TITLE |
| Uniform title |
Occasional papers (Cornell University. Rural Development Committee) ; |
| Volume number/sequential designation |
no. 8. |
| 906 ## - LOCAL DATA ELEMENT F, LDF (RLIN) |
| a |
7 |
| b |
cbc |
| c |
orignew |
| d |
3 |
| e |
ncip |
| f |
19 |
| g |
y-gencatlg |
| 942 ## - ADDED ENTRY ELEMENTS (KOHA) |
| Source of classification or shelving scheme |
Dewey Decimal Classification |
| Koha item type |
BOOKS |